| 000 | 00685nam a2200241 i 4500 | ||
|---|---|---|---|
| 001 | 42544 | ||
| 003 | ES-MaACL | ||
| 005 | 20250929063108.0 | ||
| 007 | t| | ||
| 008 | 030407s2002 sp ||||1| spa d | ||
| 020 | _a84-666-0681-5 | ||
| 080 | _a94(100)"19" | ||
| 100 | 1 |
_aRevel, Jean-François, _d1924-2006 _996389 |
|
| 245 | 1 | 0 |
_aDiario de fin de siglo / _cJean-François Revel. |
| 250 | _a1ª ed. | ||
| 260 |
_aBarcelona : _bEdiciones B, _c2002. |
||
| 300 |
_a428 p. ; _c23 cm. |
||
| 490 | 1 | _aSine qua non | |
| 650 | 1 | 4 |
_aHistoria contemporánea- _yS.XX _913396 |
| 830 | 0 |
_aSine qua non _9180323 |
|
| 852 |
_aES-MaACL _jL-26136 _bR.131748 |
||
| 999 |
_c42544 _d42544 |
||